Dwarf Planets by picture - Statistics

General Stats
  • This quiz has been taken 34 times
  • The average score is 4 of 5
Answer Stats
Picture Answer % Correct
Pluto
100%
Ceres
85%
Make Make
69%
Eris
65%
Haumea
62%
No matching quizzes found
Score Distribution
Percent of People with Each Score
Percentile by Number Answered
Your Score History
You have not taken this quiz